Centrum zdravia - Jarovce

Enregistré dans:
Détails bibliographiques
Auteur principal: Fábryová, Liliana (Auteur)
Autres auteurs: Majcher, Stanislav (Directeur de thèse)
Format: Manuscrit Livre
Langue:slovaque
Publié: 2024
Sujets:
Accès en ligne:http://is.stuba.sk/zp/portal_zp.pl?podrobnosti=161732
Tags: Ajouter un tag
Pas de tags, Soyez le premier à ajouter un tag!

MARC

LEADER 00000ntm a22000003a 4500
001 stuzp99768
003 SK-STU
005 20240615211548.9
007 ta
008 150427s2015----xo-----f-mn---000-0-slo-d
040 |a STU  |b slo 
041 0 |a slo 
100 1 |a Fábryová, Liliana  |u 051110  |4 aut  |U FAD Fakulta architektúry a dizajnu  |T FAD Ústav architektúry obytných budov  |X 110003  |U A1110  |Y 392  |7 110003 
242 0 1 |a Health Centre - Jarovce  |y eng 
245 1 0 |a Centrum zdravia - Jarovce 
260 |c 2024 
650 4 |a Jarovce  |2 slo 
650 4 |a zdravotné centrum  |2 slo 
650 4 |a centum zdravia  |2 slo 
650 4 |a lekáreň  |2 slo 
650 4 |a doktor  |2 slo 
650 4 |a Jarovce  |2 eng 
650 4 |a health center  |2 eng 
650 4 |a pharmacy  |2 eng 
650 4 |a doctor  |2 eng 
700 1 |a Majcher, Stanislav  |u 051110  |k Z1  |4 ths  |U FAD Fakulta architektúry a dizajnu  |T FAD Ústav architektúry obytných budov  |X 4410  |U A1110  |Y 392  |7 A000004410 
856 4 |u http://is.stuba.sk/zp/portal_zp.pl?podrobnosti=161732